|
|
|
|
| LEADER |
01199pam a2200325Ia 4500 |
| 001 |
9780203134207 |
| 003 |
FlBoTFG |
| 005 |
20091230162920.0 |
| 006 |
a|||||s||||||||||| |
| 007 |
cr|||| |
| 008 |
921005s1993 enkab sb 001 0 eng d |
| 020 |
|
|
|a 9780203134207 (e-book : PDF)
|
| 040 |
|
|
|a FlBoTFG
|c FlBoTFG
|d GrThAP
|
| 043 |
|
|
|a mm-----
|
| 090 |
|
|
|a DE71
|b .C25 1993
|
| 092 |
|
|
|a 909.09822
|b C182
|
| 100 |
1 |
|
|a Cameron, Averil.
|
| 245 |
1 |
4 |
|a The Mediterranean world in late antiquity, AD 395-600
|h [electronic resource] /
|c Averil Cameron.
|
| 260 |
|
|
|a London ;
|a New York :
|b Routledge,
|c 1993.
|
| 300 |
|
|
|a xvii, 251 p. :
|b ill., maps.
|
| 490 |
1 |
|
|a Routledge history of the ancient world
|
| 504 |
|
|
|a Includes bibliographical references (p. 237-243) and index.
|
| 530 |
|
|
|a Also available in print edition.
|b CRC Press (http://www.crcpress.com)
|
| 538 |
|
|
|a Mode of access: World Wide Web.
|
| 650 |
|
0 |
|a Romans
|z Mediterranean Region.
|
| 651 |
|
0 |
|a Mediterranean Region
|x Civilization.
|
| 655 |
|
7 |
|a Electronic books.
|2 lcsh
|
| 776 |
1 |
|
|z 9780415014212
|
| 830 |
|
0 |
|a Routledge history of the ancient world.
|
| 856 |
4 |
0 |
|u http://www.tandfebooks.com/isbn/9780203134207
|z Full Text via HEAL-Link
|